| 000 | 00547nam a2200193Ia 4500 | ||
|---|---|---|---|
| 008 | 230125s9999 xx 000 0 und d | ||
| 020 | _a81-7888-013-X | ||
| 041 | _aeng | ||
| 082 |
_a004.69 _bSHR |
||
| 100 |
_aShrivastav R K _9106948 |
||
| 245 | _aA textbook of internet and web page design | ||
| 260 |
_c2001 _bDominant publisher _aNew Delhi |
||
| 300 | _a246p | ||
| 500 | _aInternet,Web designing | ||
| 500 | _aWeb development;Internet | ||
| 650 |
_aComputer Management _9106949 |
||
| 700 |
_aShrivastav R K _9106948 |
||
| 999 |
_c84310 _d84310 |
||